Balance político

Se analizan los acontecimientos acaecidos en el ámbito político despúes de la firma de Acuerdos de Paz en El Salvador, enfocándose en la participación de la izquierda en el parlamento presentándose así, la crisis en el ambiente político. WMV

Guardat en:
Dades bibliogràfiques
Format: Text
Matèries:
Etiquetes: Afegir etiqueta
Sense etiquetes, Sigues el primer a etiquetar aquest registre!

MARC

LEADER 00000 a a2200000 04500
001 5911
003
040
245 |a Balance político  
520 |a Se analizan los acontecimientos acaecidos en el ámbito político despúes de la firma de Acuerdos de Paz en El Salvador, enfocándose en la participación de la izquierda en el parlamento   |a presentándose así, la crisis en el ambiente político. WMV  
650 |a POLITICA  
650 |a PARTIDOS POLITICOS  
650 |a PARLAMENTO  
650 |a PRACTICA PARLAMENTARIA  
650 |a ELECCIONES  
650 |a PODER JUDICIAL  
650 |a DEMOCRACIA  
773 |g volumen 15, número 642; páginas 7-9  
999 |c 28781  |d 28781